003900000a2200145000450024500370000065000340003765000240007165000160009565000320011165000260014365000090016904100130017810000240019177300290021510aNew IUCN categories and criteria14aPrioridades de conservación14aEstatus de especies14aTaxonomía14aCriterios de conservación14aPoliticas ambientales14aIUCN0 aInglés1 aHoffman, Forrest M.1 tPreprint33q17-23d1996